[Event "X MIEDZYNARODOWY JUBILEUSZOWY FESTIWAL S"]
[Site "LAZY, OW "]
[Date "2014.07.01"]
[Round "3.24"]
[White "Krainski, Slawomir"]
[Black "Woloch, Oskar"]
[Result "1-0"]
[WhiteElo "2039"]
[BlackElo "1929"]
[PlyCount "75"]
[EventDate "2014.??.??"]

1. d4 c5 2. d5 e5 3. e4 d6 4. Bb5+ Nd7 5. a4 a6 6. Be2 Be7 7. Nf3 Ngf6 8. Nc3
Nf8 9. Nd2 Ng6 10. Nc4 O-O 11. h4 Re8 12. h5 Nf8 13. a5 h6 14. Qd3 N6h7 15. Qg3
Bg5 16. f4 Bf6 17. fxe5 Bxe5 18. Nxe5 Rxe5 19. Bf4 Nd7 20. Bg4 Nhf6 21. Bf5 Kh8
22. Rh3 b5 23. Bxe5 Nxe5 24. Bxc8 Rxc8 25. Qf4 Qe7 26. O-O-O Qc7 27. Ne2 Qxa5
28. Ra3 Qb6 29. Ng3 b4 30. Re3 c4 31. Nf5 Nh7 32. Rg3 Ng5 33. Rxg5 hxg5 34.
Qxg5 Rg8 35. h6 g6 36. h7 Rg7 37. Nxg7 Kxg7 38. Rh1 1-0

[Event "X MIEDZYNARODOWY JUBILEUSZOWY FESTIWAL S"]
[Site "LAZY, OW "]
[Date "2014.07.01"]
[Round "3.25"]
[White "Zolobowski, Grzegorz"]
[Black "Chylewski, Patryk"]
[Result "0-1"]
[WhiteElo "2046"]
[BlackElo "1909"]
[PlyCount "92"]
[EventDate "2014.??.??"]

1. d4 Nf6 2. c4 g6 3. Nc3 d5 4. Nf3 Bg7 5. cxd5 Nxd5 6. e4 Nxc3 7. bxc3 c5 8.
Be3 O-O 9. h3 Nc6 10. Bc4 Qa5 11. Qd2 cxd4 12. cxd4 Qxd2+ 13. Kxd2 Rd8 14. Kc3
Na5 15. Rhc1 Nxc4 16. Kxc4 f5 17. e5 Be6+ 18. Kd3 Bd5 19. Ke2 Rac8 20. a4 e6
21. Bg5 Re8 22. Ne1 h6 23. Bd2 Red8 24. Rxc8 Rxc8 25. Rc1 Rxc1 26. Bxc1 b6 27.
Nd3 Bc6 28. a5 bxa5 29. g4 Kf7 30. gxf5 gxf5 31. Nf4 Bf8 32. Kd3 Bb5+ 33. Kc3
Bb4+ 34. Kb3 Be1 35. Be3 a4+ 36. Ka3 a5 37. d5 exd5 38. e6+ Ke8 39. Nxd5 Bc6
40. Nc7+ Kd8 41. Na6 Ke7 42. Nc5 Bb4+ 43. Kb2 a3+ 44. Kb3 Bd5+ 45. Kc2 a2 46.
Bd4 a1=Q 0-1

[Event "X MIEDZYNARODOWY JUBILEUSZOWY FESTIWAL S"]
[Site "LAZY, OW "]
[Date "2014.07.01"]
[Round "3.26"]
[White "Pilzak, Marcin"]
[Black "Parol, Pawel"]
[Result "0-1"]
[WhiteElo "1968"]
[BlackElo "2001"]
[PlyCount "124"]
[EventDate "2014.??.??"]

1. e4 e5 2. Nf3 Nc6 3. Bb5 a6 4. Ba4 Nf6 5. O-O Be7 6. Re1 b5 7. Bb3 d6 8. c3
O-O 9. h3 Na5 10. Bc2 c5 11. d4 Qc7 12. Nbd2 cxd4 13. cxd4 Bb7 14. d5 Nd7 15.
Nf1 Nc4 16. g4 Rfc8 17. Bb1 Nc5 18. b3 Nb6 19. Qe2 a5 20. Bd3 Nxd3 21. Qxd3 Ba6
22. Be3 Nd7 23. Rac1 Qb7 24. Ng3 g6 25. Qd2 b4 26. Kg2 Rxc1 27. Rxc1 Rc8 28.
Rc2 Bd8 29. Qc1 Rxc2 30. Qxc2 Qc7 31. Qxc7 Bxc7 32. Ne1 Nc5 33. Bxc5 dxc5 34.
Nf1 c4 35. Ne3 cxb3 36. axb3 a4 37. bxa4 b3 38. Nd1 Bd6 39. Kf3 Ba3 40. Ng2 b2
41. Nxb2 Bxb2 42. Ne3 Bd4 43. Nc2 Bc5 44. Ne1 Kf8 45. Kg3 Be2 46. Ng2 Ke7 47.
Ne1 Kd7 48. Ng2 Kc7 49. Ne1 g5 50. Ng2 Kb6 51. h4 h6 52. hxg5 hxg5 53. f4 exf4+
54. Nxf4 Bd6 55. Kf2 gxf4 56. Kxe2 Ka5 57. Kd3 Be5 58. g5 Kxa4 59. Kc4 Ka3 60.
g6 fxg6 61. Kc5 f3 62. d6 Bxd6+ 0-1

[Event "X MIEDZYNARODOWY JUBILEUSZOWY FESTIWAL S"]
[Site "LAZY, OW "]
[Date "2014.07.01"]
[Round "3.27"]
[White "Sawicki, Mikolaj"]
[Black "Kowalski, Maciej"]
[Result "1/2-1/2"]
[WhiteElo "1965"]
[BlackElo "1984"]
[PlyCount "34"]
[EventDate "2014.??.??"]

1. e4 e5 2. Nf3 Nc6 3. Bc4 Bc5 4. c3 Nf6 5. d3 a6 6. Bb3 d6 7. O-O Bg4 8. Nbd2
Qd7 9. Nc4 O-O-O 10. Be3 Rhe8 11. Bc2 Bxe3 12. Nxe3 d5 13. Nxg4 Qxg4 14. h3 Qg6
15. Nh4 Qg5 16. Nf3 Qg6 17. Nh4 Qg5 1/2-1/2

[Event "X MIEDZYNARODOWY JUBILEUSZOWY FESTIWAL S"]
[Site "LAZY, OW "]
[Date "2014.07.01"]
[Round "3.28"]
[White "Spicak, Krzysztof"]
[Black "Szewczak, Andrzej"]
[Result "1-0"]
[WhiteElo "1933"]
[BlackElo "1976"]
[PlyCount "129"]
[EventDate "2014.??.??"]

1. d4 f5 2. e4 fxe4 3. Nc3 Nf6 4. Bg5 g6 5. Bxf6 exf6 6. Nxe4 d5 7. Ng3 Bg7 8.
Qe2+ Kf7 9. O-O-O Re8 10. Qd2 Nc6 11. h4 Bg4 12. f3 Bd7 13. h5 Qe7 14. hxg6+
hxg6 15. Bd3 Qe3 16. c3 Qxd2+ 17. Kxd2 Rh8 18. N1e2 Bh6+ 19. Kc2 Ne7 20. Rh2
Bg7 21. Rdh1 Rxh2 22. Rxh2 Rh8 23. Rxh8 Bxh8 24. Nf1 Bg7 25. Ne3 Bh6 26. f4 c6
27. g4 Nc8 28. c4 dxc4 29. Bxc4+ Ke7 30. Bd3 Kf7 31. Bc4+ Ke8 32. Kd3 Nd6 33.
Bb3 b5 34. a3 Ke7 35. Ba2 a5 36. b4 axb4 37. axb4 Be6 38. Bxe6 Kxe6 39. d5+
cxd5 40. Kd4 f5 41. g5 Bg7+ 42. Kc5 Ne4+ 43. Kxb5 d4 44. Nd1 Kd5 45. Ka4 d3 46.
Ne3+ Kc6 47. Nc1 Nc3+ 48. Ka5 d2 49. Nb3 d1=Q 50. b5+ Kb7 51. Nc5+ Kb8 52. Nxd1
Nxd1 53. Ka6 Bd4 54. Nd7+ Kc7 55. Nf8 Be3 56. Nxg6 Nc3 57. Ne7 Bxf4 58. g6 Bh6
59. b6+ Kd7 60. b7 Kc7 61. Nc6 Kxc6 62. b8=Q Nd5 63. Qb7+ Kd6 64. Qh7 Nc7+ 65.
Kb7 1-0

[Event "X MIEDZYNARODOWY JUBILEUSZOWY FESTIWAL S"]
[Site "LAZY, OW "]
[Date "2014.07.02"]
[Round "4.1"]
[White "Licznerski, Lukasz"]
[Black "Tomczak, Jacek"]
[Result "0-1"]
[WhiteElo "2344"]
[BlackElo "2551"]
[PlyCount "60"]
[EventDate "2014.??.??"]

1. e4 e6 2. d4 d5 3. Nc3 Nf6 4. e5 Nfd7 5. f4 c5 6. Nf3 Nc6 7. Be3 Be7 8. Qd2
O-O 9. Be2 b6 10. O-O f5 11. exf6 Nxf6 12. Kh1 Bd6 13. Ne5 Nxd4 14. Bxd4 cxd4
15. Qxd4 Bb7 16. Qe3 a6 17. Qh3 Qe7 18. Bd3 Rae8 19. a3 Qc7 20. Rae1 Ne4 21.
Bxe4 dxe4 22. Qe3 g5 23. Qg3 Qg7 24. Nc4 Bxf4 25. Qg4 b5 26. Na5 Ba8 27. Nb3 e3
28. Kg1 Qg6 29. g3 Bc7 30. Nd4 Bb6 0-1

[Event "X MIEDZYNARODOWY JUBILEUSZOWY FESTIWAL S"]
[Site "LAZY, OW "]
[Date "2014.07.02"]
[Round "4.2"]
[White "Warakomski, Tomasz"]
[Black "Eggink, Mateusz"]
[Result "0-1"]
[WhiteElo "2505"]
[BlackElo "2164"]
[PlyCount "70"]
[EventDate "2014.??.??"]

1. e4 c5 2. Nc3 Nc6 3. Nf3 e6 4. Bb5 Nd4 5. Nxd4 cxd4 6. Ne2 Qg5 7. Bc4 Qxg2 8.
Ng3 Qh3 9. c3 Bc5 10. b4 Bb6 11. Bb2 dxc3 12. dxc3 Nf6 13. Qd6 Nxe4 14. Nxe4
Qf3 15. Bd3 Qxh1+ 16. Kd2 Qg2 17. Re1 Bd8 18. Re3 f5 19. Ng3 Bg5 20. Nxf5 Bxe3+
21. Nxe3 Qxf2+ 22. Be2 b6 23. c4 Bb7 24. Ng4 Qf8 25. Qc7 Be4 26. Ke3 Qf5 27.
Bxg7 Qg5+ 28. Qf4 Qxg7 29. Nf6+ Kd8 30. Nxe4 Rf8 31. Qd6 Qe7 32. Qd2 Rc8 33. c5
bxc5 34. bxc5 Rxc5 35. Qb4 Rc8 0-1

[Event "X MIEDZYNARODOWY JUBILEUSZOWY FESTIWAL S"]
[Site "LAZY, OW "]
[Date "2014.07.02"]
[Round "4.3"]
[White "Jarmula, Pawel"]
[Black "Sharapov, Evgeny"]
[Result "1/2-1/2"]
[WhiteElo "2140"]
[BlackElo "2377"]
[PlyCount "45"]
[EventDate "2014.??.??"]

1. e4 c5 2. Nf3 d6 3. Bb5+ Bd7 4. Bxd7+ Qxd7 5. c4 Nf6 6. Nc3 g6 7. O-O Bg7 8.
d4 cxd4 9. Nxd4 O-O 10. f3 Rc8 11. b3 d5 12. exd5 Nxd5 13. Nxd5 e6 14. Bh6 exd5
15. Bxg7 Kxg7 16. Nb5 dxc4 17. Nd6 Rd8 18. Nxb7 Qxd1 19. Rfxd1 Rxd1+ 20. Rxd1
cxb3 21. axb3 Nc6 22. Rd7 a5 23. Rd6 1/2-1/2

[Event "X MIEDZYNARODOWY JUBILEUSZOWY FESTIWAL S"]
[Site "LAZY, OW "]
[Date "2014.07.02"]
[Round "4.4"]
[White "Nowicki, Bartosz"]
[Black "Kosiorek, Marek"]
[Result "1/2-1/2"]
[WhiteElo "2256"]
[BlackElo "2361"]
[PlyCount "37"]
[EventDate "2014.??.??"]

1. e4 e5 2. Nf3 Nc6 3. Bb5 a6 4. Ba4 Nf6 5. O-O Be7 6. Re1 b5 7. Bb3 d6 8. c3
O-O 9. h3 Nb8 10. d4 Nbd7 11. Nbd2 Bb7 12. Qe2 g6 13. a4 c6 14. Nf1 Nh5 15. Bh6
Ng7 16. Ng3 Qc7 17. h4 Rab8 18. h5 c5 19. axb5 1/2-1/2

[Event "X MIEDZYNARODOWY JUBILEUSZOWY FESTIWAL S"]
[Site "LAZY, OW "]
[Date "2014.07.02"]
[Round "4.5"]
[White "Antonov, Alexandr"]
[Black "Shishkin, Vadim"]
[Result "1/2-1/2"]
[WhiteElo "2077"]
[BlackElo "2489"]
[PlyCount "125"]
[EventDate "2014.??.??"]

1. g3 d5 2. Bg2 g6 3. Nf3 Bg7 4. d3 Nf6 5. O-O O-O 6. Nbd2 c5 7. e4 Nc6 8. Re1
e5 9. a4 b6 10. a5 Bb7 11. axb6 axb6 12. Rxa8 Bxa8 13. exd5 Nxd5 14. Nc4 f6 15.
Nfd2 Nce7 16. Nf1 b5 17. Nce3 Nc7 18. c3 Kh8 19. Nc2 f5 20. f4 Bxg2 21. Kxg2
Qd5+ 22. Qf3 Qxf3+ 23. Kxf3 Rd8 24. Ke2 Nc6 25. Be3 exf4 26. Bxc5 Ne6 27. Bf2
Kg8 28. d4 fxg3 29. hxg3 b4 30. Nd2 bxc3 31. bxc3 Bh6 32. Nf3 Bg7 33. Rd1 Nf8
34. d5 Na5 35. Bb6 Re8+ 36. Kd3 Nb7 37. Bd4 Nd7 38. Bxg7 Kxg7 39. Ncd4 Nbc5+
40. Kc2 Kf6 41. Rg1 h5 42. c4 Ra8 43. Rb1 Ra4 44. Nd2 Kg5 45. Ne6+ Kg4 46. Nxc5
Nxc5 47. Kc3 g5 48. Kd4 Ra2 49. Nf1 Ne4 50. Ne3+ Kxg3 51. Nxf5+ Kf4 52. Rf1+
Nf2 53. Ng7 g4 54. Nxh5+ Kf3 55. Rg1 Rd2+ 56. Kc5 Ne4+ 57. Kb5 Rb2+ 58. Kc6 Rc2
59. Kb5 Nd6+ 60. Kc5 Nxc4 61. d6 Ne3+ 62. Kb6 Nc4+ 63. Kc5 1/2-1/2

[Event "X MIEDZYNARODOWY JUBILEUSZOWY FESTIWAL S"]
[Site "LAZY, OW "]
[Date "2014.07.02"]
[Round "4.6"]
[White "Nurkiewicz, Maciej"]
[Black "Zielinski, Wojciech"]
[Result "1/2-1/2"]
[WhiteElo "2392"]
[BlackElo "2185"]
[PlyCount "117"]
[EventDate "2014.??.??"]

1. e4 e6 2. d4 d5 3. Nd2 dxe4 4. Nxe4 Nd7 5. Nf3 Ngf6 6. Bd3 Nxe4 7. Bxe4 Nf6
8. Bg5 Qd6 9. Bxf6 gxf6 10. Qe2 Bd7 11. O-O-O O-O-O 12. Kb1 Bg7 13. c3 Kb8 14.
Rhe1 Qb6 15. Nd2 e5 16. dxe5 fxe5 17. Nc4 Qe6 18. Ne3 Bc6 19. Qf3 Bxe4+ 20.
Qxe4 Qg6 21. Nf5 Bf6 22. Kc2 Rxd1 23. Rxd1 Rd8 24. Rxd8+ Bxd8 25. g4 Qe6 26. a3
Bg5 27. h4 Bf4 28. h5 a5 29. Qd3 Qb6 30. f3 a4 31. Qd5 c6 32. Qd6+ Ka7 33. Qd3
h6 34. Nd6 Qf2+ 35. Kb1 f6 36. Ne4 Qe1+ 37. Ka2 Bg5 38. Nc5 Qe3 39. Qxe3 Bxe3
40. Ne4 Bg5 41. b3 axb3+ 42. Kxb3 b5 43. c4 Kb6 44. a4 Bh4 45. axb5 cxb5 46.
c5+ Kc6 47. Ka3 Kd5 48. Kb4 Kc6 49. Kc3 Kd5 50. Kd3 Bg5 51. Kc2 Bh4 52. Kb2 Bg5
53. Ka3 Bh4 54. Kb3 Bg5 55. Kb4 Kc6 56. Ka5 Bh4 57. Kb4 Bg5 58. Ng3 Bf4 59. Ne4
1/2-1/2

[Event "X MIEDZYNARODOWY JUBILEUSZOWY FESTIWAL S"]
[Site "LAZY, OW "]
[Date "2014.07.02"]
[Round "4.7"]
[White "Rudolf, Michal"]
[Black "Jacek, Krystian"]
[Result "1-0"]
[WhiteElo "2363"]
[BlackElo "2148"]
[PlyCount "103"]
[EventDate "2014.??.??"]

1. d4 Nf6 2. Nf3 g6 3. c4 Bg7 4. Nc3 O-O 5. e4 d6 6. Be2 e5 7. O-O Nc6 8. Be3
Ng4 9. Bg5 f6 10. Bh4 h5 11. h3 Nh6 12. dxe5 dxe5 13. Qb3 g5 14. Bg3 g4 15.
hxg4 hxg4 16. Rad1 Bd7 17. Nh4 Nd4 18. Qxb7 c6 19. Rd2 Rf7 20. c5 Bf8 21. Bc4
Bxc5 22. Qa6 Qf8 23. Bxf7+ Nxf7 24. Ne2 Bc8 25. Qa4 Nb5 26. Qc4 Nc7 27. Ng6 Be6
28. Qxe6 Nxe6 29. Nxf8 Kxf8 30. Bh4 Nd6 31. Ng3 Kf7 32. Rc1 Bb4 33. Rd3 Nd4 34.
a3 Ba5 35. Rxc6 Rd8 36. Rc5 Bb6 37. Rd5 Ke6 38. Kf1 Rd7 39. Ne2 Rd8 40. Nxd4+
Bxd4 41. f3 Rb8 42. b4 gxf3 43. Rxd6+ Kxd6 44. Rxd4+ exd4 45. Bg3+ Kc6 46. Bxb8
fxg2+ 47. Kxg2 a5 48. bxa5 Kb5 49. Kf3 Kxa5 50. Ke2 Ka4 51. Bd6 Kb5 52. Kd3 1-0

[Event "X MIEDZYNARODOWY JUBILEUSZOWY FESTIWAL S"]
[Site "LAZY, OW "]
[Date "2014.07.02"]
[Round "4.8"]
[White "Betkowski, Andrzej"]
[Black "Pazderski, Ziemowit"]
[Result "0-1"]
[WhiteElo "2064"]
[BlackElo "2262"]
[PlyCount "118"]
[EventDate "2014.??.??"]

1. e4 c5 2. Nc3 a6 3. f4 e6 4. Nf3 Nc6 5. g3 Nge7 6. Bg2 d5 7. e5 Nf5 8. O-O h5
9. Ne2 d4 10. d3 Qd7 11. c3 b5 12. cxd4 cxd4 13. a4 b4 14. a5 Bb7 15. Bd2 Be7
16. h3 Rc8 17. Qa4 O-O 18. g4 Nh6 19. Nh2 hxg4 20. hxg4 Rc7 21. Rfc1 Rfc8 22.
Rc4 Kf8 23. Rac1 Ke8 24. b3 Bd8 25. Ng3 Nxa5 26. Qxd7+ Kxd7 27. Bxb7 Nxb7 28.
Rxd4+ Ke8 29. Rxc7 Bxc7 30. Rxb4 Ba5 31. Rxb7 Bxd2 32. Nh5 Kf8 33. Kf2 Rc2 34.
Nf3 Bxf4+ 35. Ke1 Be3 36. Rb8+ Ke7 37. Rb7+ Kf8 38. Rb8+ Ke7 39. Rb7+ Kd8 40.
Nxg7 Kc8 41. Rb4 Rg2 42. Ne8 Nxg4 43. Nd6+ Kd7 44. Nxf7 Bc5 45. Rc4 Bb6 46. d4
Ne3 47. Ra4 a5 48. N7g5 Bd8 49. Ne4 Kc6 50. Nf6 Be7 51. Ne4 Bb4+ 52. Ned2 Kd5
53. Ra2 Bc3 54. Ra4 Bb4 55. Ra2 Bc3 56. Ra4 Nf5 57. Kf1 Rxd2 58. Nxd2 Bxd2 59.
Ra2 Bb4 0-1

[Event "X MIEDZYNARODOWY JUBILEUSZOWY FESTIWAL S"]
[Site "LAZY, OW "]
[Date "2014.07.02"]
[Round "4.9"]
[White "Zaleski, Lukasz"]
[Black "Plichta, Kamil"]
[Result "1/2-1/2"]
[WhiteElo "1867"]
[BlackElo "2247"]
[PlyCount "103"]
[EventDate "2014.??.??"]

1. e4 c5 2. Nf3 g6 3. d4 Bg7 4. d5 d6 5. Nc3 Nf6 6. Be2 O-O 7. O-O Na6 8. h3
Nc7 9. a4 a6 10. Bf4 Bd7 11. e5 Nfe8 12. Re1 b5 13. axb5 axb5 14. Qd2 b4 15.
Ne4 Rxa1 16. Rxa1 Bf5 17. Ng3 dxe5 18. Bxe5 Qxd5 19. Nxf5 gxf5 20. Bxg7 Qxd2
21. Nxd2 Nxg7 22. Nb3 Nge6 23. Ra5 Ra8 24. Rxa8+ Nxa8 25. Bc4 Nac7 26. Kf1 Kg7
27. g3 f4 28. gxf4 Kf6 29. Ke2 Nxf4+ 30. Ke3 Nce6 31. Ke4 Nxh3 32. Ke3 Nhf4 33.
Nxc5 Ng2+ 34. Kf3 Nxc5 35. Kxg2 e6 36. c3 bxc3 37. bxc3 Ne4 38. Bd3 Ke5 39. Kf3
Nxc3 40. Bxh7 f5 41. Bg6 Kf6 42. Be8 Ke7 43. Bc6 Kd6 44. Bb7 Nd5 45. Ba6 e5 46.
Bd3 Ke6 47. Bc4 e4+ 48. Kg3 Ke5 49. Bxd5 Kxd5 50. Kf4 Ke6 51. f3 Kd5 52. fxe4+
1/2-1/2

[Event "X MIEDZYNARODOWY JUBILEUSZOWY FESTIWAL S"]
[Site "LAZY, OW "]
[Date "2014.07.02"]
[Round "4.10"]
[White "Jaroch, Pawel"]
[Black "Nowak, Lukasz"]
[Result "1-0"]
[WhiteElo "2228"]
[BlackElo "2081"]
[PlyCount "89"]
[EventDate "2014.??.??"]

1. d4 d5 2. c4 c6 3. Nf3 Nf6 4. g3 dxc4 5. Bg2 g6 6. O-O Bg7 7. Nbd2 O-O 8.
Nxc4 Be6 9. Ncd2 Na6 10. b3 Bf5 11. Bb2 Ne4 12. Nh4 Nxd2 13. Qxd2 Be6 14. e4
Qb6 15. d5 Bxb2 16. Qxb2 Bd7 17. Nf3 cxd5 18. exd5 Nc5 19. Ne5 Bf5 20. Rad1
Rad8 21. Rfe1 Qf6 22. Qa3 Qd6 23. Nc4 Qc7 24. Ne3 Qd6 25. Nxf5 gxf5 26. Qc1 Rd7
27. Bh3 Rc7 28. Qg5+ Qg6 29. Qxf5 Qxf5 30. Bxf5 Rd8 31. Rd4 Rd6 32. Red1 Kh8
33. Kg2 Nd7 34. Rc4 Rc5 35. Bxd7 Rxc4 36. bxc4 Rxd7 37. c5 Kg7 38. Kf3 f5 39.
Ke3 Kf6 40. Kd4 e6 41. d6 b6 42. Kc4 bxc5 43. Kxc5 e5 44. Kd5 Rd8 45. Rb1 1-0

[Event "X MIEDZYNARODOWY JUBILEUSZOWY FESTIWAL S"]
[Site "LAZY, OW "]
[Date "2014.07.02"]
[Round "4.11"]
[White "Tomaszewski, Kacper"]
[Black "Krainski, Aleksander"]
[Result "1-0"]
[WhiteElo "2012"]
[BlackElo "2212"]
[PlyCount "173"]
[EventDate "2014.??.??"]

1. d4 d5 2. c4 c6 3. Nc3 Nf6 4. e3 e6 5. Bd3 Nbd7 6. a3 c5 7. cxd5 exd5 8. Nf3
Be7 9. O-O O-O 10. Ne5 Nb6 11. b3 Bd7 12. a4 Rc8 13. dxc5 Rxc5 14. Nxd7 Nbxd7
15. Nb5 a6 16. Nd4 Rc7 17. Bb2 Re8 18. Rc1 Bf8 19. Bb1 g6 20. Ne2 Bg7 21. Nf4
Rxc1 22. Qxc1 Qa5 23. Bc3 Qc7 24. Bd4 Rc8 25. Qb2 Qd6 26. h3 h5 27. Rd1 g5 28.
Ne2 h4 29. Bf5 Rd8 30. Rc1 Ne8 31. Qc3 Ne5 32. f4 Nc6 33. fxg5 Nxd4 34. exd4
Qe7 35. Qd2 Nd6 36. Rf1 Re8 37. Bg4 Qe3+ 38. Qxe3 Rxe3 39. Rb1 Ne4 40. Rc1 Nxg5
41. Rc8+ Kh7 42. Rd8 Rxb3 43. Rxd5 Bf6 44. a5 Ra3 45. Rd6 Be7 46. Rd7 Bb4 47.
Rxb7 Bxa5 48. d5 Ra1+ 49. Kf2 Kg7 50. Ke3 Rd1 51. Rd7 Bd2+ 52. Kd4 Bb4+ 53. Kc4
a5 54. Kb5 Ne4 55. Nf4 Rd2 56. Bf3 Nf6 57. Nh5+ Kg6 58. Nxf6 Kxf6 59. Rc7 Rb2
60. Rc6+ Ke5 61. Ra6 Be1+ 62. Kc4 Bb4 63. Ra7 Kf6 64. Ra6+ Ke5 65. Ra8 Rc2+ 66.
Kb3 Rc3+ 67. Kb2 Rd3 68. Re8+ Kf6 69. Re4 Rd2+ 70. Kb3 Rd3+ 71. Kc2 Rd2+ 72.
Kb1 Bd6 73. Rxh4 Kf5 74. Rc4 Ke5 75. h4 Ba3 76. Rc3 Bb4 77. Rb3 Rf2 78. Kc1 Kd4
79. Kb1 Kc4 80. Rb2 Rf1+ 81. Ka2 Re1 82. Rb1 Re3 83. Rc1+ Kb5 84. h5 a4 85. Rc8
Be7 86. h6 Re1 87. Rb8+ 1-0

[Event "X MIEDZYNARODOWY JUBILEUSZOWY FESTIWAL S"]
[Site "LAZY, OW "]
[Date "2014.07.02"]
[Round "4.12"]
[White "Kovalev, Egor"]
[Black "Karpus, Michal"]
[Result "0-1"]
[WhiteElo "2187"]
[BlackElo "1943"]
[PlyCount "180"]
[EventDate "2014.??.??"]

1. Nf3 Nf6 2. Nc3 d5 3. d3 c5 4. Bg5 Nc6 5. e4 d4 6. Ne2 e5 7. Ng3 h6 8. Bd2
Be6 9. Be2 g6 10. O-O Bg7 11. Qc1 Qc7 12. a3 Nd7 13. Ne1 h5 14. f4 h4 15. Nh1
exf4 16. Bxf4 Be5 17. Bxe5 Ncxe5 18. c3 Rc8 19. Qd2 Qd6 20. Rd1 Kf8 21. Qf4 Qb6
22. Rd2 Kg7 23. Nf2 f6 24. Nd1 g5 25. Qf2 Bb3 26. Kh1 Rhf8 27. Nc2 Qa5 28. Qe1
Qa4 29. Na1 Be6 30. Qf2 Rc6 31. Qg1 Rd6 32. Rc2 b5 33. Rc1 Qa5 34. cxd4 cxd4
35. Nf2 b4 36. axb4 Qxb4 37. Rc2 Ra6 38. Rfc1 Ra2 39. Rb1 Nc5 40. Qc1 Na4 41.
b3 Rxc2 42. Nxc2 Qc3 43. Nd1 Nxd3 44. Nxc3 Nxc1 45. Nxd4 Nxc3 46. Nxe6+ Kf7 47.
Bh5+ Kxe6 48. Rxc1 Nxe4 49. Ra1 Rc8 50. Be2 Rc7 51. Bc4+ Ke5 52. Kg1 f5 53.
Ra5+ Kf4 54. Ra1 Nd2 55. Bg8 Ke3 56. Re1+ Kd3 57. Be6 Kc2 58. b4 f4 59. Re5 Kd3
60. Kf2 Kc3 61. b5 Re7 62. g3 fxg3+ 63. hxg3 h3 64. Rc5+ Kb4 65. Rc6 Kxb5 66.
Bd5 g4 67. Rg6 Ne4+ 68. Kg1 Nc3 69. Be6 Ne2+ 70. Kh2 a5 71. Bxg4 a4 72. Bxe2+
Rxe2+ 73. Kxh3 a3 74. Rg8 Re6 75. Rb8+ Rb6 76. Ra8 Ra6 77. Rb8+ Ka4 78. Rb1 a2
79. Ra1 Kb3 80. Kg4 Kb2 81. Rxa2+ Rxa2 82. Kf5 Kc3 83. g4 Kd4 84. g5 Kd5 85.
Kf6 Kd6 86. g6 Rf2+ 87. Kg7 Ke7 88. Kg8 Kf6 89. g7 Rg2 90. Kh8 Kf7 0-1

[Event "X MIEDZYNARODOWY JUBILEUSZOWY FESTIWAL S"]
[Site "LAZY, OW "]
[Date "2014.07.02"]
[Round "4.13"]
[White "Snihur, Piotr"]
[Black "Filewicz, Przemyslaw"]
[Result "1-0"]
[WhiteElo "2147"]
[BlackElo "1924"]
[PlyCount "101"]
[EventDate "2014.??.??"]

1. d4 Nf6 2. c4 g6 3. f3 Bg7 4. e4 d6 5. Nc3 O-O 6. Be3 Nc6 7. Nge2 e5 8. d5
Ne7 9. Ng3 Nd7 10. Bd3 f5 11. Nge2 f4 12. Bf2 Kh8 13. b4 g5 14. Rc1 g4 15. c5
a6 16. Na4 Ng6 17. Nec3 Nh4 18. Bf1 Qg5 19. Qd3 Qh5 20. Ke2 Rb8 21. cxd6 cxd6
22. Nb1 Nf6 23. Nd2 Bd7 24. Nc3 Rbc8 25. Kd1 h6 26. h3 gxh3 27. gxh3 Nh7 28.
Rg1 Ng5 29. Rg4 Ng6 30. Nc4 Bxg4 31. fxg4 Nxh3 32. Bxh3 Qg5 33. Nxd6 Rc7 34.
Nf5 f3 35. d6 Nf4 36. Qxf3 Rc4 37. Bf1 Rxb4 38. Kc2 Ne6 39. Be3 Nd4+ 40. Nxd4
Rxf3 41. Bxg5 exd4 42. d7 Rf8 43. Be7 dxc3 44. Bxb4 Rf2+ 45. Kb3 Rd2 46. Rxc3
Rxd7 47. Rc8+ Kh7 48. Bc4 Rd1 49. Be6 Rb1+ 50. Kc4 Rc1+ 51. Kd3 1-0

[Event "X MIEDZYNARODOWY JUBILEUSZOWY FESTIWAL S"]
[Site "LAZY, OW "]
[Date "2014.07.02"]
[Round "4.14"]
[White "Niekras, Dawid"]
[Black "Hilarecki, Grzegorz"]
[Result "1-0"]
[WhiteElo "1981"]
[BlackElo "2144"]
[PlyCount "43"]
[EventDate "2014.??.??"]

1. e4 d5 2. exd5 Qxd5 3. Nc3 Qa5 4. d4 Nf6 5. Nf3 Bf5 6. Bc4 e6 7. Bd2 c6 8.
Qe2 Bb4 9. a3 O-O 10. O-O-O Bxc3 11. Bxc3 Qc7 12. Ne5 Nbd7 13. Bd3 Bxd3 14.
Rxd3 b5 15. Bd2 Nd5 16. Rg3 Nxe5 17. dxe5 Kh8 18. Qh5 f5 19. Rh3 g6 20. Qxg6
Rae8 21. Bg5 Rf7 22. Rxh7+ 1-0

[Event "X MIEDZYNARODOWY JUBILEUSZOWY FESTIWAL S"]
[Site "LAZY, OW "]
[Date "2014.07.02"]
[Round "4.15"]
[White "Zylka, Stanislaw"]
[Black "Mitura, Vaclav"]
[Result "1/2-1/2"]
[WhiteElo "1939"]
[BlackElo "2098"]
[PlyCount "62"]
[EventDate "2014.??.??"]

1. e4 c6 2. d4 d5 3. Nc3 dxe4 4. Nxe4 Nd7 5. Ng5 Ngf6 6. Bc4 e6 7. Ne2 Nb6 8.
Bd3 c5 9. c3 Be7 10. O-O O-O 11. Qc2 h6 12. Nf3 Bd7 13. dxc5 Bxc5 14. Bf4 Rc8
15. Rad1 Nbd5 16. Bg3 Qb6 17. a3 Bd6 18. Bxd6 Qxd6 19. Qb1 Qc7 20. Rfe1 Ba4 21.
b3 Bc6 22. Nfd4 Ng4 23. g3 Bd7 24. c4 Ndf6 25. Nc3 Ne5 26. Ne4 Nxe4 27. Bxe4 a6
28. Bg2 Nc6 29. Nxc6 Bxc6 30. Bxc6 Qxc6 31. Qe4 Qc7 1/2-1/2

[Event "X MIEDZYNARODOWY JUBILEUSZOWY FESTIWAL S"]
[Site "LAZY, OW "]
[Date "2014.07.02"]
[Round "4.16"]
[White "Smolka, Marcin"]
[Black "Walter, Szymon"]
[Result "1-0"]
[WhiteElo "2089"]
[BlackElo "1977"]
[PlyCount "85"]
[EventDate "2014.??.??"]

1. e4 c5 2. Nf3 d6 3. d4 cxd4 4. Nxd4 Nf6 5. f3 g6 6. c4 Bg7 7. Be3 O-O 8. Nc3
Nc6 9. Be2 Nxd4 10. Bxd4 Be6 11. O-O Nd7 12. Bxg7 Kxg7 13. Qd4+ f6 14. Rad1 Qa5
15. f4 Rfc8 16. b3 Qb4 17. f5 gxf5 18. exf5 Bf7 19. Bf3 Rab8 20. Bd5 Qc5 21.
Be6 Bxe6 22. fxe6 Nf8 23. Nd5 Ng6 24. h4 Kf8 25. g4 Nxh4 26. g5 f5 27. Rf4
Qxd4+ 28. Rdxd4 Ng6 29. Rxf5+ Kg8 30. Rf7 Re8 31. a4 Kh8 32. Kg2 Rg8 33. Nxe7
Nxe7 34. Rxe7 Rxg5+ 35. Kf3 Rf8+ 36. Rf4 Rgf5 37. Rxf5 Rxf5+ 38. Kg4 Re5 39.
Rxb7 Rxe6 40. Rxa7 d5 41. cxd5 Rb6 42. a5 Rd6 43. Rb7 1-0

[Event "X MIEDZYNARODOWY JUBILEUSZOWY FESTIWAL S"]
[Site "LAZY, OW "]
[Date "2014.07.02"]
[Round "4.17"]
[White "Antolak, Julia"]
[Black "Adamowicz, Maciej"]
[Result "1/2-1/2"]
[WhiteElo "1869"]
[BlackElo "2089"]
[PlyCount "62"]
[EventDate "2014.??.??"]

1. e4 c5 2. Nf3 e6 3. d4 cxd4 4. Nxd4 a6 5. Bd3 Bc5 6. Nb3 Be7 7. Qg4 g6 8. Qe2
d6 9. O-O Nc6 10. Nc3 Qc7 11. f4 Nf6 12. f5 Ne5 13. Bh6 Neg4 14. Bg7 Rg8 15.
Bxf6 Nxf6 16. fxe6 fxe6 17. e5 dxe5 18. Ne4 Nd5 19. g3 Bd7 20. Rad1 Rf8 21.
Rxf8+ Kxf8 22. c4 Nb6 23. Nf2 Bc6 24. Ng4 Nd7 25. Qe3 Kg8 26. Nh6+ Kg7 27. Ng4
Kg8 28. Nh6+ Kh8 29. Nf7+ Kg8 30. Nh6+ Kg7 31. Ng4 Kg8 1/2-1/2

[Event "X MIEDZYNARODOWY JUBILEUSZOWY FESTIWAL S"]
[Site "LAZY, OW "]
[Date "2014.07.02"]
[Round "4.18"]
[White "Madynski, Pawel"]
[Black "Wacior, Maciej"]
[Result "0-1"]
[WhiteElo "2086"]
[BlackElo "1863"]
[PlyCount "76"]
[EventDate "2014.??.??"]

1. e4 c6 2. d4 d5 3. e5 Bf5 4. Nd2 e6 5. Nb3 Qc7 6. Nf3 Nd7 7. Be3 a6 8. c4
dxc4 9. Bxc4 Nb6 10. Bd3 Ne7 11. O-O Bxd3 12. Qxd3 Ng6 13. Rac1 Rd8 14. Qe4 Rd5
15. Ng5 Be7 16. f4 Bxg5 17. fxg5 O-O 18. Rf3 Rb5 19. Qg4 Nd5 20. Bd2 Qb6 21.
Re1 Rd8 22. h4 Nde7 23. Nc5 Rxc5 24. dxc5 Qxc5+ 25. Be3 Qa5 26. b4 Qxa2 27. Bc5
Nf5 28. h5 Nxe5 29. Rxe5 Qa1+ 30. Rf1 Qxe5 31. g6 fxg6 32. hxg6 h6 33. Qf3 Qf6
34. g4 Qxg6 35. Kh1 Nd4 36. Qf4 Qd3 37. g5 Qh3+ 38. Kg1 Ne2+ 0-1

[Event "X MIEDZYNARODOWY JUBILEUSZOWY FESTIWAL S"]
[Site "LAZY, OW "]
[Date "2014.07.02"]
[Round "4.19"]
[White "Chylewski, Patryk"]
[Black "Krainski, Slawomir"]
[Result "1-0"]
[WhiteElo "1909"]
[BlackElo "2039"]
[PlyCount "93"]
[EventDate "2014.??.??"]

1. e4 e5 2. Nf3 Nc6 3. Bb5 a6 4. Ba4 Nf6 5. O-O Be7 6. Re1 b5 7. Bb3 d6 8. c3
O-O 9. h3 Bb7 10. d4 Qd7 11. Nbd2 Rae8 12. d5 Nb8 13. a4 c6 14. dxc6 Qxc6 15.
axb5 axb5 16. Bc2 Nbd7 17. Nb3 Ra8 18. Rxa8 Rxa8 19. Bd3 d5 20. exd5 Qxd5 21.
Be2 Qc6 22. Bg5 h6 23. Bh4 Bd8 24. Bf1 Bb6 25. Nxe5 Nxe5 26. Rxe5 g5 27. Bxg5
hxg5 28. Rxg5+ Kf8 29. Nd4 Qd6 30. Rf5 b4 31. Bc4 Rd8 32. Qd2 Bc7 33. g3 Be4
34. Qh6+ Ke7 35. Qg7 Rf8 36. Kh2 bxc3 37. bxc3 Qb6 38. Rb5 Qd6 39. Nf5+ Bxf5
40. Rxf5 Qc6 41. Bb3 Qxc3 42. Qg5 Rg8 43. Qh4 Rg6 44. Bd5 Qd2 45. Bg2 Bd6 46.
Rf3 Qd4 47. Qxd4 1-0